000 00267nam a2200097Ia 4500
001 645073
005 20250826153616.0
008 250824s9999 xx 000 0 und d
245 0 _aNOTRE DAME IN KAMBURU ANTİK YENİ
_cVICTOR HUGO
260 _bANTİK DÜNYA KLASİKLERİ
999 _c645073
_d645073